00756nam a2200229Ia 4500003000900000008004100009020003000050020003100080022002200111022002300133040001600156100001900172245003900191260003800230300002000268490005900288650004800347650002800395650001800423650001200441856007300453IN-BaIIA211028s9999 xx s 000 0 eng d a978-1-4419-9996-2 (Print) a978-1-4419-9997-9 (Online) a1618-7210 (Print) a2197-5647 (Online) cIIA Library aMiller, Karol  0aBiomechanics of the Brainh[eBook] aNew YorkbSpringer New Yorkc2011 aOnline resource aBiological and Medical Physics, Biomedical Engineering a Biological and Medical Physics, Biophysics a Biomedical Engineering a Neurosurgery aPhysics uhttp://doi.org/10.1007/978-1-4419-9997-9yClick Here to Access eBook